<?xml version="1.0" encoding="UTF-8"?>
<record
    xmlns:xsi="http://www.w3.org/2001/XMLSchema-instance"
    xsi:schemaLocation="http://www.loc.gov/MARC21/slim http://www.loc.gov/standards/marcxml/schema/MARC21slim.xsd"
    xmlns="http://www.loc.gov/MARC21/slim">

  <leader>00399nam a2200145Ia 4500</leader>
  <controlfield tag="008">230411s9999    xx            000 0 und d</controlfield>
  <datafield tag="020" ind1=" " ind2=" ">
    <subfield code="a">978-93-86261-61-8</subfield>
  </datafield>
  <datafield tag="041" ind1=" " ind2=" ">
    <subfield code="a">eng</subfield>
  </datafield>
  <datafield tag="082" ind1=" " ind2=" ">
    <subfield code="a">OG/610.736 8/JAC/B09007</subfield>
  </datafield>
  <datafield tag="100" ind1=" " ind2=" ">
    <subfield code="a">Jacob Annamma</subfield>
  </datafield>
  <datafield tag="245" ind1=" " ind2=" ">
    <subfield code="a">Manual of Midwifery and Gynecological Nursing</subfield>
  </datafield>
  <datafield tag="260" ind1=" " ind2=" ">
    <subfield code="b">Jaypee Brothers</subfield>
    <subfield code="a">New Delhi</subfield>
    <subfield code="c">2017</subfield>
  </datafield>
  <datafield tag="300" ind1=" " ind2=" ">
    <subfield code="a">667p</subfield>
  </datafield>
  <datafield tag="999" ind1=" " ind2=" ">
    <subfield code="c">158367</subfield>
    <subfield code="d">158367</subfield>
  </datafield>
  <datafield tag="952" ind1=" " ind2=" ">
    <subfield code="0">0</subfield>
    <subfield code="1">0</subfield>
    <subfield code="4">0</subfield>
    <subfield code="7">3</subfield>
    <subfield code="8">OG</subfield>
    <subfield code="a">BTIN</subfield>
    <subfield code="b">BTIN</subfield>
    <subfield code="d">2018-12-20</subfield>
    <subfield code="e">Patil Medical Book House</subfield>
    <subfield code="g">425.00</subfield>
    <subfield code="i">7251</subfield>
    <subfield code="o">OG 610.736 8 JAC B09007</subfield>
    <subfield code="p">BTIN-BK-9007</subfield>
    <subfield code="r">2023-04-11 00:00:00</subfield>
    <subfield code="v">289.00</subfield>
    <subfield code="w">2018-12-06</subfield>
    <subfield code="y">BK</subfield>
    <subfield code="z">B09007</subfield>
  </datafield>
  <datafield tag="952" ind1=" " ind2=" ">
    <subfield code="0">0</subfield>
    <subfield code="1">0</subfield>
    <subfield code="4">0</subfield>
    <subfield code="7">0</subfield>
    <subfield code="8">OG</subfield>
    <subfield code="a">BTIN</subfield>
    <subfield code="b">BTIN</subfield>
    <subfield code="d">2018-12-20</subfield>
    <subfield code="e">Patil Medical Book House</subfield>
    <subfield code="g">425.00</subfield>
    <subfield code="i">7251</subfield>
    <subfield code="l">1</subfield>
    <subfield code="m">1</subfield>
    <subfield code="o">OG 610.736 8 JAC B09008</subfield>
    <subfield code="p">BTIN-BK-9008</subfield>
    <subfield code="r">2024-10-14 00:00:00</subfield>
    <subfield code="s">2024-08-31</subfield>
    <subfield code="v">289.00</subfield>
    <subfield code="w">2018-12-06</subfield>
    <subfield code="y">BK</subfield>
    <subfield code="z">B09008</subfield>
  </datafield>
  <datafield tag="952" ind1=" " ind2=" ">
    <subfield code="0">0</subfield>
    <subfield code="1">0</subfield>
    <subfield code="4">0</subfield>
    <subfield code="7">0</subfield>
    <subfield code="8">OG</subfield>
    <subfield code="a">BTIN</subfield>
    <subfield code="b">BTIN</subfield>
    <subfield code="d">2018-12-20</subfield>
    <subfield code="e">Patil Medical Book House</subfield>
    <subfield code="g">425.00</subfield>
    <subfield code="i">7251</subfield>
    <subfield code="l">1</subfield>
    <subfield code="o">OG 610.736 8 JAC B09009</subfield>
    <subfield code="p">BTIN-BK-9009</subfield>
    <subfield code="r">2024-04-12 00:00:00</subfield>
    <subfield code="s">2024-03-30</subfield>
    <subfield code="v">289.00</subfield>
    <subfield code="w">2018-12-06</subfield>
    <subfield code="y">BK</subfield>
    <subfield code="z">B09009</subfield>
  </datafield>
  <datafield tag="952" ind1=" " ind2=" ">
    <subfield code="0">0</subfield>
    <subfield code="1">0</subfield>
    <subfield code="4">0</subfield>
    <subfield code="7">0</subfield>
    <subfield code="8">OG</subfield>
    <subfield code="a">BTIN</subfield>
    <subfield code="b">BTIN</subfield>
    <subfield code="d">2018-12-20</subfield>
    <subfield code="e">Patil Medical Book House</subfield>
    <subfield code="g">425.00</subfield>
    <subfield code="i">7251</subfield>
    <subfield code="l">4</subfield>
    <subfield code="m">2</subfield>
    <subfield code="o">OG 610.736 8 JAC B09010</subfield>
    <subfield code="p">BTIN-BK-9010</subfield>
    <subfield code="r">2024-09-23 00:00:00</subfield>
    <subfield code="s">2024-08-31</subfield>
    <subfield code="v">289.00</subfield>
    <subfield code="w">2018-12-06</subfield>
    <subfield code="y">BK</subfield>
    <subfield code="z">B09010</subfield>
  </datafield>
  <datafield tag="952" ind1=" " ind2=" ">
    <subfield code="0">0</subfield>
    <subfield code="1">0</subfield>
    <subfield code="4">0</subfield>
    <subfield code="7">0</subfield>
    <subfield code="8">OG</subfield>
    <subfield code="a">BTIN</subfield>
    <subfield code="b">BTIN</subfield>
    <subfield code="d">2018-12-20</subfield>
    <subfield code="e">Patil Medical Book House</subfield>
    <subfield code="g">425.00</subfield>
    <subfield code="i">7251</subfield>
    <subfield code="l">0</subfield>
    <subfield code="o">OG 610.736 8 JAC B09011</subfield>
    <subfield code="p">BTIN-BK-9011</subfield>
    <subfield code="r">2023-04-11 00:00:00</subfield>
    <subfield code="v">289.00</subfield>
    <subfield code="w">2018-12-06</subfield>
    <subfield code="y">BK</subfield>
    <subfield code="z">B09011</subfield>
  </datafield>
</record>
